000
00351nam a2200145Ia 4500
008
230724s2010 xx 000 0 und d
041
_a
eng
082
_a
364.3/MAL
100
_a
Mallick M.R.
245
_a
Criminal Manual
250
_a
2010Ed
260
_a
New Delhi
_b
Professional Book Pub.
_c
2010
300
_a
260p.
650
_a
CRIMINAL MANNUAL
999
_c
747881
_d
747881